书目信息 |
| 题名: |
强势
|
|
| 作者: | 邓富强 著 | |
| 分册: | ||
| 出版信息: | 北京 人民邮电出版社 2024.10 |
|
| 页数: | 288页 | |
| 开本: | 21cm | |
| 丛书名: | ||
| 单 册: | ||
| 中图分类: | K825.38=76 | |
| 科图分类: | ||
| 主题词: | 企业家--自传--中国--当代 | |
| 电子资源: | ||
| ISBN: | 978-7-115-65354-3 | |
| 000 | 00923nam0 2200241 450 | |
| 001 | 012762091 | |
| 005 | 20251022203037.92 | |
| 010 | @a978-7-115-65354-3@dCNY69.80 | |
| 100 | @a20246118d2024 em y0chiy0110 ea | |
| 101 | 0 | @achi |
| 102 | @aCN@b110000 | |
| 105 | @aa z 000ya | |
| 106 | @ar | |
| 200 | 1 | @a强势@9qiang shi@f邓富强著 |
| 210 | @a北京@c人民邮电出版社@d2024.10 | |
| 215 | @a288页@c图@d21cm | |
| 330 | @a本书2大篇章揭示“遇强则强 顺势而为”的人生真谛,17个小节讲透普通人也能复制“掌握命运主动权”的核心要义。无论你身处人生的任何阶段,出身于什么样的家庭,都可以一遍一遍地从这本书中得到滋养、启发,学到有尊严的活法和有效的干法。没有什么生来如此,愚者认命,庸者拼命,智者造命,你值得做你命运的主人。 | |
| 606 | 0 | @a企业家@x自传@y中国@z当代 |
| 610 | 0 | @a邓富强 |
| 690 | @aK825.38=76@v5 | |
| 701 | 0 | @a邓富强@9deng fu qiang@4著 |
| 801 | 0 | @aCN@c20250909 |
| 905 | @a河南城建学院图书馆@dK825.38@eD275@ZD275@f1 | |
| 强势/邓富强著.-北京:人民邮电出版社,2024.10 |
| 288页:图;21cm |
| ISBN 978-7-115-65354-3:CNY69.80 |
| 本书2大篇章揭示“遇强则强 顺势而为”的人生真谛,17个小节讲透普通人也能复制“掌握命运主动权”的核心要义。无论你身处人生的任何阶段,出身于什么样的家庭,都可以一遍一遍地从这本书中得到滋养、启发,学到有尊严的活法和有效的干法。没有什么生来如此,愚者认命,庸者拼命,智者造命,你值得做你命运的主人。 |
| ● |
| 相关链接 |
|
|
|
正题名:强势
索取号:K825.38/D275
 
预约/预借
| 序号 | 登录号 | 条形码 | 馆藏地/架位号 | 状态 | 备注 |
| 1 | 1632459 | 216324591 | 社科库309/309社科库 48排4列4层/ [索取号:K825.38/D275] | 在馆 |